Bản đồ du lịch các nước Đông Nam Á = ASEAN tourist map
Tallennettuna:
| Aineistotyyppi: | Kirja |
|---|---|
| Kieli: | Undetermined |
| Julkaistu: |
Hà Nội
Tài nguyên Môi trường và Bản đồ Việt Nam
2020
|
| Aiheet: | |
| Tagit: |
Lisää tagi
Ei tageja, Lisää ensimmäinen tagi!
|
| Thư viện lưu trữ: | Trung tâm Học liệu Trường Đại học Cần Thơ |
|---|
| LEADER | 00612nam a2200181Ia 4500 | ||
|---|---|---|---|
| 001 | CTU_239780 | ||
| 008 | 210402s9999 xx 000 0 und d | ||
| 082 | |a 912.59 | ||
| 082 | |b B105 | ||
| 245 | 0 | |a Bản đồ du lịch các nước Đông Nam Á = | |
| 245 | 0 | |b ASEAN tourist map | |
| 245 | 0 | |c Tài nguyên Môi trường và Bản đồ Việt Nam | |
| 260 | |a Hà Nội | ||
| 260 | |b Tài nguyên Môi trường và Bản đồ Việt Nam | ||
| 260 | |c 2020 | ||
| 650 | |a ASEAN,Đông Nam Á | ||
| 910 | |b nthai | ||
| 980 | |a Trung tâm Học liệu Trường Đại học Cần Thơ | ||